| 000 | 01207cam a2200361 a 4500 | ||
|---|---|---|---|
| 001 | 4867723 | ||
| 003 | NUST | ||
| 005 | 20220411131022.0 | ||
| 008 | 920130r19921987ilu 000 1 eng | ||
| 010 | _a 92007012 | ||
| 020 |
_a0842377891 : _c$7.95 (est.) |
||
| 038 | _awaseem | ||
| 040 |
_aDLC _cDLC _dDLC _dOCoLC _dDLC |
||
| 043 | _an-us-nv | ||
| 050 | 0 | 0 |
_aPS3563.O8742 _bB6 1992 |
| 082 | 0 | 0 |
_a813.54 _bMOR |
| 100 | 1 |
_aMorris, Gilbert. _990907 |
|
| 240 | 1 | 0 | _aVigilante |
| 245 | 1 | 0 |
_aBoomtown / _cGilbert Morris. |
| 260 |
_aWheaton, Ill. : _bTyndale House, _c[1992], c1987. |
||
| 300 |
_a287 p. ; _c21 cm. |
||
| 490 | 1 |
_aReno western saga ; _v4 |
|
| 500 | _aPreviously published as: The vigilante. 1987. | ||
| 563 | _aPBK. | ||
| 650 | 0 |
_aReno, Jim (Fictitious character) _xFiction. _990908 |
|
| 651 | 0 |
_aVirginia City (Nev.) _xFiction. _990909 |
|
| 655 | 7 |
_aChristian fiction. _2gsafd _98056 |
|
| 655 | 7 |
_aWestern stories. _2gsafd _990271 |
|
| 800 | 1 |
_aMorris, Gilbert. _tReno western saga ; _v4. _990910 |
|
| 906 |
_a7 _bcbc _corignew _d1 _eocip _f19 _gy-gencatlg |
||
| 942 |
_2ddc _cBK |
||
| 999 |
_c589097 _d589097 |
||